Bad - Trencsén-Teplicz - fürdő Gyógyterem : Cursalon

Zobrazenie: Pohľad sprava z parku na Kúpeľnú dvoranu, na chodníkoch skupinky ľudí, vpravo pred budovou mužská postava. Vpravo na prvom poschodí v okne muž

Bibliographic Details
Format: Postcard
Language:Hungarian
German
PhysicalDescription:1 pohľadnica kolorovaná 9 x 14 cm
Published: Teschen Feitzinger Ede 1905
Subjects:

MARC

LEADER 00000ckm a2200000 a 4500
001 vtls011782910
003 SK-MaSNL
005 20260512124151.0
007 kp ho
008 230706s1905 xr g 0kuhun
015 |a SNBG1905 
035 |a urn:nbn:sk:snk-km00eags 
035 |a urn:nbn:sk:snk-km43gpg 
035 |a ED4CC0C7-1D56-44D2-828D-530A3A922344 
040 |a SNK  |b slo  |c SNK  |e AACR2 
041 0 |a hun  |a ger 
043 |a e-xo--- 
044 |a xr  |c CZ 
072 7 |a 913  |x Regionálna geografia  |2 konspekt 
080 |a 913(437.6)  |2 2011 
080 |a 711.455:615.838  |2 2011 
080 |a 94(084.121)  |2 2011 
080 |a 614.2:[725.1:614.21]  |2 2011 
245 0 0 |a Bad - Trencsén-Teplicz - fürdő  |h grafika  |b Gyógyterem : Cursalon 
246 3 3 |a Bad - Trencsén-Teplicz  |b Cursalon 
246 3 3 |a Trencsén-Teplicz - fürdő  |b Gyógyterem 
260 |a Teschen  |b Feitzinger Ede  |c 1905 
300 |a 1 pohľadnica  |b kolorovaná  |c 9 x 14 cm 
500 |a Názvové údaje prevzaté z obrazovej časti pohľadnice 
500 |a Na adresnej časti uvedené: "981" 
520 8 |a Zobrazenie: Pohľad sprava z parku na Kúpeľnú dvoranu, na chodníkoch skupinky ľudí, vpravo pred budovou mužská postava. Vpravo na prvom poschodí v okne muž 
546 |a Hlavný názov je kombináciou dvoch jazykov: nemčiny a maďarčiny ; podnázov súbežne v maďarčine a nemčine 
610 2 7 |a Kúpele Trenčianske Teplice (Slovensko)  |2 SNKKA  |9 189670 
650 0 7 |a kúpele  |2 SNKPH  |9 1139 
650 0 7 |a liečebne  |2 SNKPH  |9 56920 
651 7 |a Trenčianske Teplice (Slovensko)  |2 SNKPHgeo  |9 14503 
655 7 |a miestne pohľadnice  |2 SNKPH  |9 70510 
655 7 |a historické pohľadnice  |2 SNKPH  |9 159703 
752 |a Česko  |d Český Těšín 
852 |a Slovenská národná knižnica 
958 |a GBN 
958 |a GC 
958 |a ONDV 
999 |c 858039  |d 859969 
952 |a SNK  |b SNK  |y PREZ  |7 0  |p 17A1213230  |o snkSP 24490  |z Pohľadnica prešla poštou.  |0 0  |1 0  |4 0  |d 2018-10-04  |f 1  |l 0  |r 2026-02-24 05:02:47  |w 2026-02-24